书目信息 |
| 题名: |
混凝土结构
|
|
| 作者: | 叶列平 编著 | |
| 分册: | 下册 | |
| 出版信息: | 北京 中国建筑工业出版社 2012 |
|
| 页数: | 391页 | |
| 开本: | 23cm | |
| 丛书名: | ||
| 单 册: | ||
| 中图分类: | TU37 | |
| 科图分类: | ||
| 主题词: | 混凝土结构--hun ning tu jie gou--高等学校--教材 | |
| 电子资源: | ||
| ISBN: | 978-7-112-14978-0 | |
| 000 | 01155nam0 22002411 450 | |
| 001 | 0100004371 | |
| 005 | 20170220155517.90 | |
| 010 | @a978-7-112-14978-0@dCNY48.00 | |
| 100 | @a20120912d2012 ekmy0chiy50 ea | |
| 101 | 0 | @achi |
| 102 | @aCN@b110000 | |
| 105 | @aak a 000yy | |
| 200 | 1 | @a混凝土结构@Ahun ning tu jie gou@h下册@f叶列平编著 |
| 210 | @a北京@c中国建筑工业出版社@d2012 | |
| 215 | @a391页@c图@d23cm | |
| 320 | @a有书目 | |
| 330 | @a本书是土木工程系专业《混凝土结构》课程的教材,分为上、下两册。上册内容包括:钢筋和混凝土的材料性能;钢筋混凝土构件的基本受力性能;结构设计方法;受弯构件正截面和斜截面承载力计算、钢筋的锚固与布置;受压、受拉和受扭构件的承载力计算;正常使用阶段变形与裂缝验算及耐久性;预应力混凝土的原理及计算规定、受力性能分析和受弯构件的设计。设计计算的内容按国家标准《混凝土结构设计规范》GB50010编写,并介绍了有关最新研究进展。 | |
| 333 | @a普通高等教育土建学科专业“十二五”规划教材 高校土木工程专业指导委员会规划推荐教材 | |
| 606 | 0 | @a混凝土结构@Ahun ning tu jie gou@x高等学校@j教材 |
| 690 | @aTU37@v5 | |
| 701 | 0 | @a叶列平@Aye lie ping@4编著 |
| 801 | 0 | @aCN@c20150827 |
| 905 | @a河南城建学院图书馆@dTU37@eY440:2 | |
| 混凝土结构.下册/叶列平编著.-北京:中国建筑工业出版社,2012 |
| 391页:图;23cm |
| 使用对象:普通高等教育土建学科专业“十二五”规划教材 高校土木工程专业指导委员会规划推荐教材 |
| ISBN 978-7-112-14978-0:CNY48.00 |
| 本书是土木工程系专业《混凝土结构》课程的教材,分为上、下两册。上册内容包括:钢筋和混凝土的材料性能;钢筋混凝土构件的基本受力性能;结构设计方法;受弯构件正截面和斜截面承载力计算、钢筋的锚固与布置;受压、受拉和受扭构件的承载力计算;正常使用阶段变形与裂缝验算及耐久性;预应力混凝土的原理及计算规定、受力性能分析和受弯构件的设计。设计计算的内容按国家标准《混凝土结构设计规范》GB50010编写,并介绍了有关最新研究进展。 |
| ● |
| 相关链接 |
|
|
|
正题名:混凝土结构
索取号:TU37/Y440:2
 
预约/预借
| 序号 | 登录号 | 条形码 | 馆藏地/架位号 | 状态 | 备注 |
| 1 | 1178046 | 211780465 | 建筑库101/101建筑库 85排4列2层/ [索取号:TU37/Y440:2] | 在馆 | |
| 2 | 1178047 | 211780474 | 建筑库101/101建筑库 85排4列3层/ [索取号:TU37/Y440:2] | 在馆 | |
| 3 | 1178048 | 211780483 | 建筑库101/101建筑库 85排4列3层/ [索取号:TU37/Y440:2] | 在馆 | |
| 4 | 1239148 | 212391482 | 土木与交通工程学院资料室/ [索取号:TU37/Y440:2] | 在馆 |